CECON 80 : 1980 conference record : Cleveland Electrical/Electronics Conference and Exposition, Cleveland Public Hall, Cleveland, Ohio, May 20-22, 1980 /

Bibliographic Details
Corporate Authors: Cleveland Electrical/Electronics Conference and Exposition, Institute of Electrical and Electronics Engineers. Region 2.
Format: Conference Proceeding Book
Language:English
Published: New York, N.Y. (345 E. 47 St., New York 10017) : Institute of Electrical and Electronics Engineers, [1981]
Subjects:

MARC

Tag First Indicator Second Indicator Subfields
LEADER 00000cam a2200000 a 4500
001 in00000084385
005 20151008061346.0
008 811229s1981 nyua b 10010 eng
010 |a  79091316  
035 |a (OCoLC)07828554 
035 |9 AAJ7884AM 
039 0 |a 2  |b 3  |c 3  |d 3  |e 3 
040 |a DLC  |c DLC  |d OCL  |d TXA  |d UtOrBLW 
049 |a TXAM  |c [1196581] 
050 0 0 |a TK5  |b .C45 1980 
082 0 |a 621.3  |2 19 
111 2 |a Cleveland Electrical/Electronics Conference and Exposition  |d (1980) 
245 1 0 |a CECON 80 :  |b 1980 conference record : Cleveland Electrical/Electronics Conference and Exposition, Cleveland Public Hall, Cleveland, Ohio, May 20-22, 1980 /  |c sponsored by Region 2 and the CLeveland Section of IEEE [and others]. 
264 1 |a New York, N.Y. (345 E. 47 St., New York 10017) :  |b Institute of Electrical and Electronics Engineers,  |c [1981] 
264 4 |c ©1981 
300 |a 156 pages :  |b illustrations ;  |c 29 cm. 
336 |a text  |b txt  |2 rdacontent 
337 |a unmediated  |b n  |2 rdamedia 
338 |a volume  |b nc  |2 rdacarrier 
500 |a Spine title: 1980 Cleveland electrical/electronics conference. 
500 |a "80CH1519-8." 
504 |a Includes bibliographical references. 
650 0 |a Electrical engineering  |v Congresses. 
650 0 |a Electronics  |v Congresses. 
710 2 |a Institute of Electrical and Electronics Engineers.  |b Region 2. 
740 0 |a 1980 Cleveland electrical/electronics conference. 
999 |a MARS 
999 f f |s 62cf72d8-d4af-3fd7-91f4-faa0a1fd5b79  |i 389ad096-2de9-3bc3-a629-b5973e820edb  |t 0 
952 f f |p ric  |a Texas A&M University  |b Rellis Campus  |c Joint Library Facility  |d Remote Storage  |t 0  |e TK5 .C45 1980  |h Library of Congress classification  |i unmediated -- volume  |m A14805970532 
998 f f |a TK5 .C45 1980  |t 0  |l Remote Storage